00874nam a2200205 a 4500008004100000020001800041050001600059100002400075245009800099260004900197300001600246350001000262500002200272650004600294650004400340650003400384995010100418999001700519952013200536160520s2015 ||||||||||||||||| || u a9780472072491 aJZ 1318 Wei aWeinert, Matthews S10aMaking human: world order and the global governance of human dignity.cby Matthews S. Weinert aMichiganbUniversity of Michigan Pressc2015 axiii, 265p. a75.00 aIncludes an index aHUMAN SECURITY--INTERNATIONAL COOPERATION aSECURITY, INTERNATIONAL--SOCIAL ASPECTS aGLOBALISATION--SOCIAL ASPECTS FCBU-MAIN LIBRARY (Kitwe)I75.00M1UAVAILABLEWMay 23, 2016ZMain Library Open Access Collection c49731d49731 00102lcc4070a001b001cMain Library Open Access Collectiond2022-11-30l0oJZ 1318 Weip746012r2022-11-30w2022-11-30y002